Sociologue dans une collectivité territoriale, pour quoi faire ? (notice n° 1596724)

détails MARC
000 -LEADER
fixed length control field 01283cam a2200169 4500500
005 - DATE AND TIME OF LATEST TRANSACTION
control field 20251228074052.0
041 ## - LANGUAGE CODE
Language code of text/sound track or separate title fre
042 ## - AUTHENTICATION CODE
Authentication code dc
100 10 - MAIN ENTRY--PERSONAL NAME
Personal name Ould-Ferhat, Laurence
Relator term author
245 00 - TITLE STATEMENT
Title Sociologue dans une collectivité territoriale, pour quoi faire ?
260 ## - PUBLICATION, DISTRIBUTION, ETC.
Date of publication, distribution, etc. 2008.<br/>
500 ## - GENERAL NOTE
General note 24
520 ## - SUMMARY, ETC.
Summary, etc. RésuméL’auteur analyse son expérience de « conseiller scientifique » en sciences sociales immergée dans les services d’une grande collectivité territoriale. Elle met en évidence les attentes multiples et souvent implicites de ses nombreux interlocuteurs. Elle présente ses productions en écho à un « besoin de sociologie » et souligne les multiples tensions entre recherche et action.
520 ## - SUMMARY, ETC.
Summary, etc. The author analyses her experience as a social science « scientific advisor » within a large local government body. She highlights the many and often implicit expectations of her numerous contacts. She presents her productions as an echo to a « need for sociology » and underlines the many sources of tension between research and action.
786 0# - DATA SOURCE ENTRY
Note Sociologies pratiques | 16 | 1 | 2008-03-01 | p. 63-78 | 1235-9278
856 41 - ELECTRONIC LOCATION AND ACCESS
Uniform Resource Identifier <a href="https://shs.cairn.info/revue-sociologies-pratiques-2008-1-page-63?lang=fr&redirect-ssocas=7080">https://shs.cairn.info/revue-sociologies-pratiques-2008-1-page-63?lang=fr&redirect-ssocas=7080</a>

Pas d'exemplaire disponible.

PLUDOC

PLUDOC est la plateforme unique et centralisée de gestion des bibliothèques physiques et numériques de Guinée administré par le CEDUST. Elle est la plus grande base de données de ressources documentaires pour les Étudiants, Enseignants chercheurs et Chercheurs de Guinée.

Adresse

627 919 101/664 919 101

25 boulevard du commerce
Kaloum, Conakry, Guinée

Réseaux sociaux

Powered by Netsen Group @ 2025